[Event "Caribbean-ch U16"]
[Site "San Salvador"]
[Date "2021.11.27"]
[Round "1"]
[White "Molina Hun, Hieysson"]
[Black "Gonzalez Torres, Raquel Sofia"]
[Result "1-0"]
[WhiteElo "1506"]
[BlackElo "1024"]
[PlyCount "57"]
[EventDate "2021.11.27"]
[EventType "swiss"]
[EventRounds "9"]
[EventCountry "ESA"]
[SourceTitle "EXT 2023"]
[Source "ChessBase"]
[SourceDate "2022.10.05"]
[SourceVersion "1"]
[SourceVersionDate "2022.10.05"]
[SourceQuality "1"]
[WhiteTeam "Guatemala"]
[BlackTeam "Costa Rica"]
[WhiteTeamCountry "GUA"]
[BlackTeamCountry "CRI"]

1. e4 e5 2. Nf3 Nc6 3. d4 f6 4. Bc4 Bb4+ 5. c3 Bf8 6. 0-0 d6 7. h3 h5 8. Nh4 Nge7 9. dxe5 Nxe5 10. Be2 Be6 11. f4 N5c6 12. Bxh5+ Bf7 13. Bxf7+ Kxf7 14. Nf3 Ke8 15. Be3 g6 16. Qb3 f5 17. Ng5 d5 18. exf5 Nxf5 19. Bf2 Be7 20. Qxb7 Na5 21. Qa6 Nc4 22. Qxg6+ Kd7 23. Qe6+ Ke8 24. Qf7+ Kd7 25. Qxf5+ Ke8 26. Qf7+ Kd7 27. Qxd5+ Ke8 28. Qxc4 Rf8 29. Qc6+ 1-0